000 00199nam a22000857a 4500
999 _c522765
_d522765
100 _aPaul, Mahua
_938492
245 _aImport intensity and its impact
260 _aNew Delhi
_bISID
_c2014
300 _a47p.